Sector report (Record no. 79342)

MARC details
000 -LEADER
fixed length control field 00771cap a22002175a 4500
001 - CONTROL NUMBER
control field L140765
008 - FIXED-LENGTH DATA ELEMENTS--GENERAL INFORMATION
fixed length control field 071009e20071006xxkdo f s 000 0 eng d
035 ## - SYSTEM CONTROL NUMBER
System control number (Sirsi) u140765
041 0# - LANGUAGE CODE
Language code of text/sound track or separate title eng
100 1# - MAIN ENTRY--PERSONAL NAME
Personal name Clift, Patrick
245 00 - TITLE STATEMENT
Title Sector report
Remainder of title industrial
260 ## - PUBLICATION, DISTRIBUTION, ETC.
Date of publication, distribution, etc. 2007
490 #0 - SERIES STATEMENT
Series statement Estates Gazette
Volume/sequential designation 0740 6 October 2007, 151-169(7)
520 ## - SUMMARY, ETC.
Summary, etc. Reports on business opportunities for UK firms in Eastern European countries following the expansion of the European Union in 2004. Reports on how the scope of European industrial property is changing as businesses look eastwards to meet their needs.
590 ## - LOCAL NOTE (RLIN)
Local note ka
651 #4 - SUBJECT ADDED ENTRY--GEOGRAPHIC NAME
Geographic name United Kingdom
Chronological subdivision
651 #4 - SUBJECT ADDED ENTRY--GEOGRAPHIC NAME
Geographic name Europe
690 ## - LOCAL SUBJECT ADDED ENTRY--TOPICAL TERM (OCLC, RLIN)
Topical term or geographic name as entry element PROPERTY-COMMERCIAL PROPERTY
700 1# - ADDED ENTRY--PERSONAL NAME
Personal name Neale, Jon
942 ## - ADDED ENTRY ELEMENTS (KOHA)
Suppress in OPAC 0
Holdings
Withdrawn status Lost status Source of classification or shelving scheme Damaged status Not for loan Home library Current library Shelving location Date acquired Total Checkouts Full call number Barcode Date last seen Copy number Price effective from Koha item type
    Dewey Decimal Classification     London London Journal article 10/10/2007   L140765 140765-1001 06/08/2019 1 06/08/2019 Journal article